[Event "Play with newbie ;-)"]
[Site "http://www.queenalice.com/game.php?id=753751"]
[Date "2010.3.30"]
[Round "-"]
[White "Dave89"]
[Black "Checker"]
[Result "1-0"]
[WhiteElo "1650"]
[BlackElo "1304"]

1. e4 e5 2. Nf3 d6 3. d4 exd4 4. Nxd4 c5 5. Nf3 Nc6 6. Nc3 h6 7. Bb5 a6 8. Bxc6+
bxc6 9. Be3 d5 10. exd5 Bb7 11. dxc6 Bxc6 12. Qe2 Qe7 13. O-O Qe6 14. Rad1 Nf6
15. Rfe1 Bd7 16. a3 Bd6 17. Rxd6 Qxd6 18. Bxc5+ Qe6 19. Qd3 O-O-O 20. Rxe6 Bxe6
21. Qxa6+ Kb8 22. Qa7+ Kc8 23. Qa8+ Kc7 24. Nb5+ Kd7 25. Qb7+ Ke8 26. Qe7# 1-0

[Event "O DOURADO VAI GANHAR KKK VI"]
[Site "http://www.queenalice.com/game.php?id=753943"]
[Date "2010.3.30"]
[Round "-"]
[White "rogeriooliveira"]
[Black "Dave89"]
[Result "1-0"]
[WhiteElo "1414"]
[BlackElo "1781"]

1. e4 c5 2. d4 cxd4 3. Qxd4 Nc6 4. Qd5 Nf6 5. Qd3 d5 6. e5 Nxe5 7. Qe2 Nc6 8.
Bg5 e5 9. Bxf6 Qxf6 10. Qf3 e4 11. Qxf6 gxf6 12. Nc3 Be6 13. O-O-O O-O-O 14. Bb5
Rg8 15. g3 Ne5 16. Nge2 Ng4 17. Rdf1 Bc5 18. h3 Nxf2 19. Rh2 e3 20. Na4 Bd6 21.
g4 Bxh2 22. c3 a6 23. Bd3 Nxd3+ 24. Kc2 Nf2 25. Nd4 Rde8 26. Re1 Bg3 27. Rxe3
Be5 28. Rf3 Ne4 29. Rf1 1-0

[Event "Let's Play Chess!"]
[Site "http://www.queenalice.com/game.php?id=754263"]
[Date "2010.3.31"]
[Round "-"]
[White "guicardoso"]
[Black "Dave89"]
[Result "0-1"]
[WhiteElo "1293"]
[BlackElo "1500"]

1. e4 c5 2. Nf3 d6 3. d4 cxd4 4. Nxd4 Nf6 5. Nc3 e6 6. Be3 a6 7. f3 b5 8. Qd2
Bb7 9. O-O-O Nbd7 10. g4 Nb6 11. Kb1 Rc8 12. b4 Be7 13. g5 Nfd7 14. h4 O-O 15.
h5 Ne5 16. h6 g6 17. f4 Nec4 18. Bxc4 Nxc4 19. Qf2 Na3+ 20. Kb2 Nc4+ 21. Kb3 a5
22. a3 Nxa3 23. Kxa3 axb4+ 24. Kxb4 Rc4+ 25. Kxb5 Qc7 26. Na4 Ra8 27. Nb3 Qc6#
0-1

[Event "Let's Play Chess!"]
[Site "http://www.queenalice.com/game.php?id=754838"]
[Date "2010.4.1"]
[Round "-"]
[White "Dave89"]
[Black "kamarof"]
[Result "0-1"]
[WhiteElo "1661"]
[BlackElo "1628"]

1. e4 c6 2. d4 d5 3. Nc3 dxe4 4. Nxe4 Bf5 5. Ng3 Bg6 6. h4 h6 7. Nf3 Nd7 8. h5
Bh7 9. Bd3 Ngf6 10. Bxh7 Nxh7 11. Qe2 Qc7 12. Bd2 O-O-O 13. O-O-O e6 14. Kb1 Bd6
15. Ne4 Be7 16. Nc3 Bf6 17. Rhe1 Rhe8 18. g3 a6 19. Bf4 Qa5 20. Ne4 Be7 21. Ne5
Nxe5 22. dxe5 Rd5 23. Rxd5 exd5 24. Nc3 Nf8 25. Qg4+ Ne6 26. Qf5 Rf8 27. Rd1 b5
28. Bd2 b4 29. Ne2 Kb7 30. Qg4 Qc5 31. Bxb4 Qxb4 32. Qxb4+ Bxb4 33. f4 Ba5 34.
c3 Bb6 35. Kc2 Rd8 0-1

[Event "Let's Play Chess!"]
[Site "http://www.queenalice.com/game.php?id=762968"]
[Date "2010.4.18"]
[Round "-"]
[White "Dave89"]
[Black "dtrainey"]
[Result "1-0"]
[WhiteElo "1589"]
[BlackElo "1543"]

1. e4 e5 2. Nf3 Qf6 3. Nc3 c6 4. d4 Bb4 5. dxe5 Qg6 6. Be3 f5 7. Nh4 Qe6 8. Nxf5
Ne7 9. Nxg7+ Kd8 10. Nxe6+ Ke8 11. Nc7+ 1-0

[Event "Carrega Sporting!!!"]
[Site "http://www.queenalice.com/game.php?id=763650"]
[Date "2010.4.20"]
[Round "-"]
[White "Jorgecas"]
[Black "Dave89"]
[Result "0-1"]
[WhiteElo "1567"]
[BlackElo "1675"]

1. e4 c5 2. Qf3 Nc6 3. c3 Nf6 4. Bc4 Ne5 5. Qg3 Nxc4 6. b3 Nb6 7. Ne2 Nxe4 8.
Qg4 Nf6 9. Qf3 e6 10. Ba3 Be7 11. b4 cxb4 12. cxb4 O-O 13. Qg3 Nc4 14. Bc1 d5
15. d3 Bxb4+ 16. Nd2 Nxd2 17. Bb2 Nde4+ 18. Kf1 Nxg3+ 0-1

[Event "Let's Play Chess!"]
[Site "http://www.queenalice.com/game.php?id=765697"]
[Date "2010.4.25"]
[Round "-"]
[White "Dave89"]
[Black "elche"]
[Result "1-0"]
[WhiteElo "1707"]
[BlackElo "1686"]

1. e4 c5 2. c3 Nc6 3. d4 cxd4 4. cxd4 e6 5. Nf3 Bb4+ 6. Nc3 Nf6 7. Bd3 d6 8. O-O
O-O 9. Be3 Bxc3 10. bxc3 Na5 11. Qc2 b6 12. e5 dxe5 13. dxe5 Ng4 14. Bxh7+ Kh8
15. Bg5 Qd5 16. Be4 1-0

[Event "Let's Play Chess!"]
[Site "http://www.queenalice.com/game.php?id=767538"]
[Date "2010.4.28"]
[Round "-"]
[White "Dave89"]
[Black "Kingfish"]
[Result "1-0"]
[WhiteElo "1745"]
[BlackElo "1743"]

1. e4 Nf6 2. e5 Nd5 3. d4 e6 4. Nf3 b6 5. c4 Ne7 6. Nc3 Bb7 7. Be2 d6 8. O-O c5
9. dxc5 bxc5 10. Bg5 h6 11. Nb5 Nbc6 12. Nxd6+ 1-0

[Event "Challenge"]
[Site "http://www.queenalice.com/game.php?id=793461"]
[Date "2010.6.22"]
[Round "-"]
[White "leoreis"]
[Black "Dave89"]
[Result "0-1"]
[WhiteElo "1786"]
[BlackElo "1718"]

1. d4 Nf6 2. c4 e6 3. Nc3 Bb4 4. Bd2 O-O 5. Nf3 b6 6. Qb3 c5 7. dxc5 Bxc5 8. e3
Nc6 9. Bd3 d5 10. cxd5 exd5 11. h3 d4 12. Nb5 dxe3 13. fxe3 a6 14. Na3 Be6 15.
Bc4 Bxc4 16. Nxc4 b5 17. Nce5 Nxe5 18. Nxe5 Ne4 19. Rd1 Qh4+ 20. Ke2 Qf2+ 21.
Kd3 Nxd2 22. Qd5 Rad8 23. Nd7 Nc4 0-1

[Event "AUTO-ADV-1876"]
[Site "http://www.queenalice.com/game.php?id=822058"]
[Date "2010.8.23"]
[Round "1"]
[White "Joe_Boyd"]
[Black "Dave89"]
[Result "0-1"]
[WhiteElo "1962"]
[BlackElo "1839"]

1. e4 c5 2. Nf3 d6 3. d4 cxd4 4. Nxd4 Nf6 5. Nc3 e6 6. Bg5 Be7 7. f4 h6 8. Bxf6
Bxf6 9. Ndb5 Be7 10. Bc4 a6 11. Nd4 b5 12. Bb3 Bh4+ 13. g3 Bf6 14. Qd3 Bb7 15.
O-O-O O-O 16. Rhg1 Qc7 17. g4 Nd7 18. Nxe6 fxe6 19. Bxe6+ Kh8 20. Qxd6 Qxd6 21.
Rxd6 Nc5 22. Bd5 Bxd5 23. Nxd5 Nxe4 24. Rb6 Bd4 25. Re1 Bxb6 0-1

[Event "AUTO-ADV-1876"]
[Site "http://www.queenalice.com/game.php?id=822059"]
[Date "2010.8.23"]
[Round "1"]
[White "Dave89"]
[Black "Joe_Boyd"]
[Result "1-0"]
[WhiteElo "1804"]
[BlackElo "1962"]

1. e4 e6 2. d4 d5 3. Nd2 c5 4. c3 Nc6 5. Ngf3 Qb6 6. Nb3 dxe4 7. dxc5 Bxc5 8.
Nxc5 Qxc5 9. Be3 Qe7 10. Nd2 f5 11. Qa4 Bd7 12. f3 Nf6 13. fxe4 O-O 14. O-O-O
Rfc8 15. Bd3 fxe4 16. Nxe4 Nxe4 17. Qxe4 g6 18. Rhf1 Nb4 19. Bc4 b5 20. Bb3 Rc6
21. Kb1 Na6 22. Bd4 Nc5 23. Qe5 Qf6 24. Qxf6 1-0

[Event "AUTO-ADV-1876"]
[Site "http://www.queenalice.com/game.php?id=822074"]
[Date "2010.8.23"]
[Round "1"]
[White "Dave89"]
[Black "jpolgar99"]
[Result "1-0"]
[WhiteElo "1869"]
[BlackElo "1923"]

1. e4 c6 2. d4 d5 3. Nc3 dxe4 4. Nxe4 Bf5 5. Ng3 Bg6 6. Nf3 Nd7 7. h4 h6 8. h5
Bh7 9. Bd3 Bxd3 10. Qxd3 Ngf6 11. Bd2 e6 12. O-O-O Qc7 13. Rde1 Be7 14. Kb1 Rd8
15. Ne2 Nc5 16. Qa3 Na6 17. Qb3 c5 18. Qa4+ Qd7 19. Qxd7+ Rxd7 20. Ne5 Rd8 21.
Bc3 Nd7 22. Nxd7 Rxd7 23. dxc5 Nxc5 24. Bxg7 Rg8 25. Bxh6 Rxg2 26. Be3 Ne4 27.
h6 Nxf2 28. h7 Nxh1 29. h8=Q+ Bf8 30. Bc5 Re7 31. Bxe7 Kxe7 32. Qxh1 Rg6 33.
Qxb7+ Kf6 34. Rf1+ Kg5 35. Qxf7 Bc5 36. Qf4+ 1-0

[Event "AUTO-ADV-1876"]
[Site "http://www.queenalice.com/game.php?id=822075"]
[Date "2010.8.23"]
[Round "1"]
[White "jpolgar99"]
[Black "Dave89"]
[Result "0-1"]
[WhiteElo "1909"]
[BlackElo "1895"]

1. e4 c5 2. Nf3 d6 3. d4 cxd4 4. Nxd4 Nf6 5. Nc3 e6 6. Bg5 Be7 7. Qd2 a6 8.
O-O-O b5 9. Bxf6 Bxf6 10. f4 Bb7 11. Rg1 Qc7 12. Qd3 O-O 13. g4 b4 14. Nce2 Nd7
15. g5 Be7 16. f5 Ne5 17. Qe3 Rac8 18. f6 Bd8 19. fxg7 Kxg7 20. h4 Kh8 21. Bh3
d5 22. exd5 Bxd5 23. Kb1 Be7 24. h5 Nc4 25. Qf2 Rcd8 26. Qg3 Qxg3 27. Rxg3 Bd6
28. Rgg1 Bh2 29. Rgf1 Ne3 30. g6 Nxf1 31. g7+ Kxg7 32. Rxf1 Bd6 33. Nf4 Bxf4 34.
Rxf4 f5 35. h6+ Kxh6 36. Rh4+ Kg5 37. Rxh7 Rh8 38. Rxh8 Rxh8 39. Bf1 Rh1 0-1

[Event "AUTO-ADV-1876"]
[Site "http://www.queenalice.com/game.php?id=822076"]
[Date "2010.8.23"]
[Round "1"]
[White "Dave89"]
[Black "Homer"]
[Result "0-1"]
[WhiteElo "1899"]
[BlackElo "1981"]

1. e4 e5 2. Nf3 Nc6 3. Bc4 Bc5 4. d3 Nf6 5. c3 d6 6. O-O O-O 7. Bb3 Bg4 8. h3
Bh5 9. g4 Bg6 10. Nh4 Ne7 11. Nxg6 Nxg6 12. d4 exd4 13. cxd4 Bb6 14. Nc3 Re8 15.
Re1 Ba5 16. Bd2 Bxc3 17. bxc3 Nxe4 18. Bxf7+ Kxf7 19. Rxe4 Kg8 20. Qb3+ Kh8 21.
Rxe8+ Qxe8 22. Qxb7 c5 23. dxc5 dxc5 24. Rb1 Nh4 25. Bf4 Qf8 26. c4 Re8 0-1

[Event "AUTO-ADV-1876"]
[Site "http://www.queenalice.com/game.php?id=822077"]
[Date "2010.8.23"]
[Round "1"]
[White "Homer"]
[Black "Dave89"]
[Result "1-0"]
[WhiteElo "1967"]
[BlackElo "1916"]

1. d4 Nf6 2. Bg5 e6 3. e4 h6 4. Bxf6 Qxf6 5. c3 d6 6. Bd3 e5 7. Nf3 Bg4 8. Be2
Be7 9. dxe5 dxe5 10. Qd5 Nc6 11. O-O Qg6 12. Rd1 Rd8 13. Qb3 Qxe4 14. Rxd8+ Kxd8
15. Qd1+ Kc8 16. Nbd2 Qf4 17. Qc2 Bf5 18. Qc1 e4 19. g3 Qd6 20. Nc4 Qd7 21. Nfe5
Nxe5 22. Nxe5 Qe6 23. Nc4 Rd8 24. Ne3 Bg6 25. Qc2 c6 26. Qa4 1-0

[Event "Jena"]
[Site "http://www.queenalice.com/game.php?id=822217"]
[Date "2010.8.24"]
[Round "-"]
[White "digger"]
[Black "Dave89"]
[Result "0-1"]
[WhiteElo "1627"]
[BlackElo "1788"]

1. d3 d5 2. e4 e5 3. exd5 Qxd5 4. c4 Qd8 5. Nf3 Nc6 6. Qe2 Bd6 7. d4 Bg4 8. h3
Nxd4 9. Qe4 Bf5 10. Qxb7 Nc2+ 11. Ke2 Nxa1 12. Qc6+ Bd7 13. Qe4 Nf6 14. Qd3 e4
15. Qc3 exf3+ 16. Qxf3 Nc2 17. Qc3 Qe7+ 18. Kd3 Bf5+ 19. Kd2 Qe1# 0-1

[Event "Let's Play Chess!"]
[Site "http://www.queenalice.com/game.php?id=822450"]
[Date "2010.8.24"]
[Round "-"]
[White "colatina"]
[Black "Dave89"]
[Result "0-1"]
[WhiteElo "1833"]
[BlackElo "1754"]

1. d4 Nf6 2. c4 e6 3. Nc3 Bb4 4. Bg5 h6 5. Bf4 O-O 6. a3 Bxc3+ 7. bxc3 b6 8. h4
Bb7 9. f3 d6 10. e4 c5 11. e5 dxe5 12. Bxe5 Nbd7 13. Bf4 Nh5 14. Qd2 Nxf4 15.
Qxf4 Re8 16. O-O-O e5 17. dxe5 Qc7 18. Qf5 Nxe5 19. Qh3 Ba6 20. f4 Nxc4 21. g3
Bb7 22. Rh2 Nxa3 23. Ra2 Rad8 24. Rxd8 Qxd8 25. Ne2 Qd3 26. Rxa3 Be4 27. Nd4
Qb1+ 28. Kd2 Qb2+ 29. Ke1 Bg2+ 0-1